• 首页
  • 本馆介绍
  • 公告通知
  • 最新文献
  • 馆藏检索
  • 电子资源
  • 读者导购
  • 参考咨询
  • 我的图书馆
  • 登录
  • 详细信息显示
  • 放入我的书架
  • 预约/预借图书
  • 作者相关作品
  • 分类相关作品
  • 丛书相关作品
  • 出版社相关作品

书目信息

  • 表格格式
  • 工作单格式
  • 卡片格式
题名:
飞跃高原
    
 
作者: 肖辉跃 著
分册:  
出版信息: 北京   北京联合出版公司  2019.07
页数: XI, 312页
开本: 21cm
丛书名:
单 册:
中图分类: Q959.70
科图分类:
主题词: 高原--gao yuan--鸟类--介绍
电子资源:
ISBN: 978-7-5596-3260-9
000 00983nam0 2200265 450
001 2356034855
005 20231124153408.10
010    @a978-7-5596-3260-9@dCNY88.00
100    @a20190704d2019 em y0chiy50 ea
101 0  @achi
102    @aCN@b110000
105    @aa z 000yy
106    @ar
200 1  @a飞跃高原@Afei yue gao yuan@e追鸟记@e三湘第一女“鸟人”@f肖辉跃著
210    @a北京@c北京联合出版公司@d2019.07
215    @aXI, 312页@c彩图@d21cm
314    @a肖辉跃, 生态散文作家。
330    @a本书是一本观鸟笔记。作者以敏锐的眼光, 细腻的笔触, 亲身的体会, 别开生面地向读者真实地描述与展示了我国四大高原的自然之美。描写了几十种高原独有的动物及几百种鸟类的精彩生活, 并配有大量作者拍摄的精美图片。
517 1  @a追鸟记@Azhui niao ji
517 1  @a三湘第一女“鸟人”@Asan xiang di yi nv “ niao ren ”
606 0  @a高原@Agao yuan@x鸟类@x介绍
690    @aQ959.70@v5
701  0 @a肖辉跃@Axiao hui yue@4著
801    @aCN@b山东中教@c20231121
905    @aBZT@dQ959.70@e1
    
    飞跃高原:追鸟记:三湘第一女“鸟人”/肖辉跃著.-北京:北京联合出版公司,2019.07
    XI, 312页:彩图;21cm
    
    
    ISBN 978-7-5596-3260-9:CNY88.00
    本书是一本观鸟笔记。作者以敏锐的眼光, 细腻的笔触, 亲身的体会, 别开生面地向读者真实地描述与展示了我国四大高原的自然之美。描写了几十种高原独有的动物及几百种鸟类的精彩生活, 并配有大量作者拍摄的精美图片。
●
相关链接 在五车中查询图书 在当当中查询图书 在豆瓣中查询图书


正题名:飞跃高原     索取号:Q959.70/1         预约/预借

序号 登录号 条形码 馆藏地/架位号 状态 备注
1 2001044435   2001044435   中教第一批/山东中教(第一批)/666/ [索取号:Q959.70/1] 在馆    
2 2001044436   2001044436   中教第一批/山东中教(第一批)/666/ [索取号:Q959.70/1] 在馆    
3 2001044437   2001044437   中教第一批/山东中教(第一批)/666/ [索取号:Q959.70/1] 在馆    
4 2001044438   2001044438   中教第一批/山东中教(第一批)/666/ [索取号:Q959.70/1] 在馆    
5 2001044439   2001044439   中教第一批/山东中教(第一批)/666/ [索取号:Q959.70/1] 在馆    
6 2001044440   2001044440   中教第一批/山东中教(第一批)/666/ [索取号:Q959.70/1] 在馆    
山东省滨州职业学院图书馆 欢迎您!
大连网信软件有限公司© 版权所有